书目信息 |
| 题名: |
唐诗正·行·草三体钢笔字帖
|
|
| 作者: | 许宝驯 书 | |
| 分册: | ||
| 出版信息: | 上海 学林出版社 1985 |
|
| 页数: | 62页 | |
| 开本: | 19cm | |
| 丛书名: | ||
| 单 册: | ||
| 中图分类: | J292.12 | |
| 科图分类: | ||
| 主题词: | 钢笔字-法帖--中国 , 法帖-钢笔字--中国 | |
| 电子资源: | ||
| ISBN: | ||
| 000 | 00719nam0 2200241 45 | |
| 001 | 0185003566 | |
| 005 | 20061114094254.23 | |
| 010 | @dCNY0.34 | |
| 091 | @aCN@b7259.019 | |
| 100 | @a19960215d1985 em y0chiy0121 ea | |
| 101 | 0 | @achi |
| 102 | @aCN@b310000 | |
| 105 | @ay z 000yy | |
| 200 | 10 | @a唐诗正·行·草三体钢笔字帖@Atang shi zheng xing cao san ti gang bi zi tie@f许宝驯书 |
| 210 | @a上海@c学林出版社@d1985 | |
| 215 | @a62页@d19cm | |
| 517 | 1 | @a唐诗正行草三体钢笔字帖@Atang shi zheng xing cao san ti gang bi zi tie |
| 606 | @a钢笔字-法帖@y中国 | |
| 606 | @a法帖-钢笔字@y中国 | |
| 690 | @aJ292.12@v3 | |
| 701 | 0 | @a许宝驯@Axu bao xun@4书 |
| 801 | 0 | @aCN@bTSSF@c20061114 |
| 905 | @a10447@dJ292.12@e150 | |
| 唐诗正·行·草三体钢笔字帖/许宝驯书.-上海:学林出版社,1985 |
| 62页;19cm |
| ISBN :CNY0.34 |
| ● |
| 相关链接 |
|
|
|
|
正题名:唐诗正·行·草三体钢笔字帖
索取号:J292.12/150
 
预约/预借
| 序号 | 登录号 | 条形码 | 馆藏地/架位号 | 状态 | 备注 |
| 1 | 0204344 | 001209864 | 第一样本阅览室/ [索取号:J292.12/150] | 在馆 |